| 000 | 01677nam a22004097a 4500 | ||
|---|---|---|---|
| 003 | CHAP | ||
| 005 | 20220329141137.0 | ||
| 008 | 971010s1984 r 00010 d | ||
| 010 | _a63322 | ||
| 011 | _a64294 | ||
| 035 | _a69580 | ||
| 040 | _cCHAP | ||
| 082 |
_a635 _bH35Y |
||
| 100 | 0 | 0 |
_aHalfacre, R. Gordon. _952285 |
| 245 | _aHorticultura | ||
| 260 |
_aMéxico, D.F. : _bAGT, _c1984 |
||
| 300 |
_a727 p. _b: ilus. ; gráfs. |
||
| 590 |
_aBATCH-UPD _b10 _c20130110 _lUCH01 _h1751 |
||
| 590 |
_aCONVERSION _b10 _c20130109 _lUCH01 _h1334 |
||
| 650 | 1 | 4 |
_aHorticultura. _956291 |
| 700 | 0 |
_aBarden, John A. _910166 |
|
| 901 | _aBK | ||
| 942 | _cLIBRO | ||
| 949 |
_a635 H35Y _bBC _cLIBRO _d33724000242657 _eLIBRO _h64020 _i69580 _si |
||
| 949 |
_a635 H35Y _bBC _cLIBRO _d33724000242665 _eLIBRO _fc.2 _h64021 _i69580 _si |
||
| 949 |
_a635 H35Y _bBC _cLIBRO _d33724000242681 _eLIBRO _fc.6 _h64020 _i69580 _si |
||
| 949 |
_a635 H35Y _bBC _cLIBRO _d33724000242699 _eLIBRO _fc.8 _h64027 _i69580 _si |
||
| 949 |
_a635 H35Y _bBC _cLIBRO _d33724000242707 _eLIBRO _fc.11 _h68533 _i69580 _si |
||
| 949 |
_a635 H35Y _bBC _cLIBRO _d33724000242806 _eLIBRO _fc.4 _h64020 _i69580 _si |
||
| 949 |
_a635 H35Y _bBC _cLIBRO _d33724000242814 _eLIBRO _fc.9 _h64028 _i69580 _si |
||
| 949 |
_a635 H35Y _bBC _cLIBRO _d33724000242822 _eLIBRO _fc.10 _h64030 _i69580 _si |
||
| 949 |
_a635 H35Y _bBC _cLIBRO _d33724000242830 _eLIBRO _fc.12 _h68534 _i69580 _si |
||
| 949 |
_a635 H35Y _bBC _cLIBRO _d33724000720827 _eLIBRO _fc.3 _i69580 _so |
||
| 949 |
_a635 H35Y _bBC _cLIBRO _d33724000868493 _eLIBRO _fc.7 _h64026 _i69580 _si |
||
| 949 |
_a635 H35Y _bBC _cLIBRO _d33724002009421 _eLIBRO _fc.5 _h64020 _i69580 _si |
||
| 949 |
_a635 H35Y _bP _cLIBRO _d-1791 _eLIBRO _h623 _i69580 _si |
||
| 999 |
_c63322 _d63322 |
||